Zenless Zone Zero Characters by Funny Description - Statistics

General Stats
  • This quiz has been taken 28 times
  • The average score is 36 of 54
Answer Stats
Description Answer % Correct
CHEESEBORGER Anby
100%
Maid Ellen
100%
Has medical problems because of laziness Ellen
100%
Dracula Phantom Thief who clashes with a werewolf. Hugo
100%
People say she has the best design, do they mean her swimsuit or OG, answer: YES. Vivian
100%
Scared Maid Corin
93%
When you met her she should have been in a cardboard box. Nekomata
93%
Broker than Mona, illegally adopted a cat. Nicole
93%
Scary Maid Rina
93%
Power Rangers reject Billy
87%
The best Permanent S-Rank Lycaon
87%
Her character trailer is a meme, but you'd be surprised how many people play it on Spotify Burnice
80%
Anomaly meta whose faction doesn't help her with anomaly meta Jane
80%
Freeze spam and probably the most popular character in the game outside of the Cunning Hares Miyabi
80%
I'm not a furry buuuuuuut..... Pulchra
80%
The power of doing what's right in a nutshell Seth
80%
With weaponry like that how is she a cop Zhu Yuan
80%
I can't decide whether I like her jokes on Miasma or her Chibi-Robot form better Aria
73%
The biggest softy you'll ever meet Ben
73%
Intelligent Constructs hide your children Grace
73%
Is lazy because of medical problems Harumasa
73%
Did I just kick the Krampus, or just Cissia Promeia
73%
Ground Pound Spam Qingyi
73%
Don't let her read the hate comments Sunna
73%
Daphne but a prankster Yuzuha
73%
Scooby-Dooby-Doo but rich Alice
67%
The hardest character to use, apparently he just does nothing Banyue
67%
The most quirky character so far, and the reason Belle and Wise now have a laser grid Cissia
67%
Crouching Tiger Hidde.....wait she's not crouching Ju Fufu
67%
Rich girl turned rebel Lucy
67%
Kung Fu Panda Pan
67%
The most powerful character according to most tier lists on YouTube Trigger
67%
Was the only character to end a battle in a draw against Miyabi Yixuan
67%
Bugs Bunny as a mafia hitman Zhao
67%
You've probably never seen Black Summoner, go watch it Lucia
60%
The only character that doesn't know your name, and now you don't even know anymore Soldier 11
60%
She's Ultra Instinct, Domain Expansion and Unlimited Blade Works all in one Ultimate Ye Shunguang
60%
I've seen enough hentai to know what she does in her free time Yidhari
60%
Kamina from Gurren Lagann Anton
53%
Fallout New Vegas's best character as a woman Caesar
53%
Skin tight jeans never looked so good Evelyn
53%
Both the Youngest and Angyest character Koleda
53%
Little Miss Perfect likes to tease Nangong
53%
The worst design, the best Agent Story, and my first S-Rank (Outside of permanent). Seed
53%
Now you're thinking with portals Dialyn
47%
What Itto sees himself as Lighter
47%
The best mother in the game Yanagi
47%
I may not know how it works, but how is the power of music this OP Astra
40%
Everyone was disappointed when he was an A-Rank, I don't know why this means everyone can get him. Manato
40%
Doesn't act their age Piper
40%
The above's child Soukaku
40%
When you want to get some tail, also a better Houhou. Orphie & Magus
33%
The only character to currently have both an A-Rank and S-Rank, no Billy doesn't count because he's always been S-Rank Soldier 0 - Anby
27%
Power Rangers best member Billy - Starlight Knight
0%
No matching quizzes found
Score Distribution
Percent of People with Each Score
Percentile by Number Answered
Your Score History
You have not taken this quiz